[Event "Maringa op 1st"]
[Site "Maringa"]
[Date "2024.07.28"]
[Round "6"]
[White "Miamoto, Giovanna Ayumi Osan"]
[Black "De Paolis, Lucas Barbieri"]
[Result "0-1"]
[WhiteElo "1800"]
[BlackElo "1790"]
[PlyCount "37"]
[EventDate "2024.07.26"]
[EventType "swiss"]
[EventRounds "6"]
[EventCountry "BRA"]
[SourceTitle "CBM 221 Extra"]
[Source "ChessBase"]
[SourceDate "2024.09.30"]
[SourceVersion "1"]
[SourceVersionDate "2024.09.30"]
[SourceQuality "1"]

1. e4 e5 2. Nf3 Nc6 3. Bc4 Nf6 4. Ng5 Bc5 5. Nxf7 Bxf2+ 6. Kxf2 Nxe4+ 7. Kf1 Qh4 8. Qf3 Nd4 9. g3 Qh3+ 10. Qg2 Qf5+ 11. Ke1 Nxc2+ 12. Kd1 Nf2+ 13. Ke2 Nxh1 14. Qxh1 Qg4+ 15. Kf1 Qxc4+ 16. Kg2 Qxf7 17. Nc3 0-0 18. Qd1 Qf2+ 19. Kh3 0-1

[Event "Maringa op 1st"]
[Site "Maringa"]
[Date "2024.07.27"]
[Round "2"]
[White "Miamoto, Giovanna Ayumi Osan"]
[Black "Soares, Vinicius Tuma"]
[Result "1-0"]
[WhiteElo "1800"]
[BlackElo "1634"]
[PlyCount "61"]
[EventDate "2024.07.26"]
[EventType "swiss"]
[EventRounds "6"]
[EventCountry "BRA"]
[SourceTitle "CBM 221 Extra"]
[Source "ChessBase"]
[SourceDate "2024.09.30"]
[SourceVersion "1"]
[SourceVersionDate "2024.09.30"]
[SourceQuality "1"]

1. e4 c5 2. Nf3 d6 3. Bc4 Nf6 4. Nc3 g6 5. 0-0 Bg7 6. h3 0-0 7. d3 Nc6 8. Bg5 Bd7 9. Re1 Qc8 10. Kh2 Qc7 11. Kg1 Na5 12. Bxf6 Bxf6 13. Nd5 Qc8 14. e5 Bg7 15. Nxe7+ Kh8 16. Nxc8 Raxc8 17. exd6 Bxb2 18. Rb1 Bc3 19. Re7 Nxc4 20. dxc4 Rcd8 21. Ng5 Bf6 22. Nxf7+ Kg8 23. Nxd8 Rxd8 24. Qd5+ Kh8 25. Rxb7 Bxe7 26. dxe7 Be8 27. Qxd8 Kg7 28. Qxe8 Kh6 29. Qf8+ Kh5 30. g4+ Kh4 31. Qh6# 1-0